[Event "Brno op"]
[Site "Brno"]
[Date "2005.07.03"]
[Round "2"]
[White "Nehybka, Jiri"]
[Black "Skinke, Katrina"]
[Result "1/2-1/2"]
[WhiteElo "2195"]
[BlackElo "2089"]
[PlyCount "43"]
[EventDate "2005.07.02"]
[EventType "swiss"]
[EventRounds "7"]
[EventCountry "CZE"]
[SourceTitle "EXT 2006"]
[Source "ChessBase"]
[SourceDate "2005.11.24"]
[SourceVersion "1"]
[SourceVersionDate "2005.11.24"]
[SourceQuality "1"]

1. e4 d6 2. Nc3 Nf6 3. d4 g6 4. Nf3 Bg7 5. h3 0-0 6. Be3 Nbd7 7. a4 e5 8. dxe5 dxe5 9. a5 Qe7 10. Bd3 c6 11. Na4 Rd8 12. 0-0 Nf8 13. Qe2 N6d7 14. Rfd1 Ne6 15. Bc4 Re8 16. b3 Nf4 17. Qd2 Qf6 18. h4 Nf8 19. Ng5 N8e6 20. Nxe6 Bxe6 21. Bxe6 Nxe6 22. Bg5 1/2-1/2